000 00823nam a22002297a 4500
005 20251108173622.0
008 250721s2005 xx 000 0 ara d
082 1 4 _a574.87/ عسا
100 1 _aأبو عساف، إسماعيل
245 1 0 _aأساسيات بيولوجيا الخلية و الهندسة الوراثية و علم الجنين : الجزء النظري /
264 1 _aبيروت :
_bالاهلية للنشر و التوزيع،
_c2005.
300 _a320ص.
490 0 _aالعلوم البيولوجية
650 1 7 _aعلم الخلايا
650 1 7 _aالهندسة الوراثية
650 1 7 _aعلم الأجنة
650 1 7 _aعلوم الحياة
700 1 _aناصر، ندى سامي
_eآخر
700 1 _aرزق، عادل
_eآخر
942 _2ddc
_cBK
999 _c108275
_d108275